• 首页
  • 本馆介绍
  • 公告通知
  • 最新文献
  • 馆藏检索
  • 电子资源
  • 读者导购
  • 参考咨询
  • 我的图书馆
  • 登录
  • 详细信息显示
  • 放入我的书架
  • 预约/预借图书
  • 作者相关作品
  • 分类相关作品
  • 丛书相关作品
  • 出版社相关作品

书目信息

  • 表格格式
  • 工作单格式
  • 卡片格式
题名:
常微分方程
    
 
作者: 罗梭 著 ;叶彦谦 译
分册:  
出版信息: 上海   上海科学技术出版社  1981
页数: 162页
开本: 20cm
丛书名:
单 册:
中图分类: O175.1
科图分类:
主题词: 常微分方程
电子资源:
ISBN:
000 00625nam0 2200229 45
001 0181010418
005 20060817090733.07
010    @dCNY0.62
091    @a13119.903
100    @a19960215d1981 em y0chiy0121 ea
101 0  @achi@cfre
102    @aCN@b310000
105    @ay z 000yy
200 10 @a常微分方程@Achang wei fen fang cheng@f(法)M·罗梭著@F(fa)M·luo suo zhu@g叶彦谦译
210    @a上海@c上海科学技术出版社@d1981
215    @a162页@d20cm
606    @a常微分方程
690    @aO175.1@v3
701  0 @a罗梭@Aluo suo@4著
702  0 @a叶彦谦@Aye yan qian@4译
801  0 @aCN@bNLC@c20060817
905    @dO175.1@e11
    
    常微分方程/(法)M·罗梭著/叶彦谦译.-上海:上海科学技术出版社,1981
    162页;20cm
    
    
    ISBN :CNY0.62
    
●
相关链接 在E读中查询图书 在五车中查询图书 在当当中查询图书 在豆瓣中查询图书


正题名:常微分方程     索取号:O175.1/11         预约/预借

序号 登录号 条形码 馆藏地/架位号 状态 备注
1 0043941   000423651   第三借阅区/ [索取号:O175.1/11] 在馆    
2 0043942   202315315   密集书库/ [索取号:O175.1/11] 在馆    
3 0043943   202315306   密集书库/ [索取号:O175.1/11] 在馆    
4 0043944   000423633   第三借阅区/ [索取号:O175.1/11] 在馆    
5 0043945   202315351   密集书库/ [索取号:O175.1/11] 在馆    
6 0043946   000423624   第三借阅区/ [索取号:O175.1/11] 在馆    
7 0043947   202315342   密集书库/ [索取号:O175.1/11] 在馆    
8 0043948   001956486   第三借阅区/ [索取号:O175.1/11] 在馆    
9 0043949   000423642   第三借阅区/ [索取号:O175.1/11] 在馆    
10 0043950   000423615   第二样本阅览室/ [索取号:O175.1/11] 在馆    
11 0420018   204200186   密集书库/ [索取号:O175.1/11] 在馆    
12 0442506   204425069   密集书库/ [索取号:O175.1/11] 在馆    
13 0462080   204620801   密集书库/ [索取号:O175.1/11] 在馆    
14 0462081   204620810   密集书库/ [索取号:O175.1/11] 在馆    
唐山师范学院图书馆 欢迎您!
大连网信软件有限公司© 版权所有